Развитие базовых компетенций научно-педагогических кадров в контексте интернационализации высшего образования; Образование через всю жизнь. Непрерывное образование в интересах устойчивого развития; Ч. 1

Bibliografiset tiedot
Parent link:Образование через всю жизнь. Непрерывное образование в интересах устойчивого развития: материалы 14-й международной конференции, Санкт-Петербург, 03-05 июня 2016 г./ Ленинградский государственный университет им. А. С. Пушкина.— , 2016
Ч. 1.— 2016.— [С. 192-195]
Päätekijä: Бенсон Г. Ф. Глеб Феликсович
Yhteisötekijät: Национальный исследовательский Томский политехнический университет (ТПУ) Институт развития стратегического партнерства и компетенций (ИСПК) Кафедра инженерной педагогики (ИПед), Национальный исследовательский Томский политехнический университет (ТПУ) Институт развития стратегического партнерства и компетенций (ИСПК) Кафедра методики преподавания иностранных языков (МПИЯ)
Muut tekijät: Шамрицкая П. С. Полина Сергеевна
Yhteenveto:Заглавие с экрана
В статье рассматриваются ключевые аспекты формирования компетенций научно-педагогических работников высшей школы, направленные на развитие готовности преподавателей к решению задач в области международного стратегического партнерства между университетами, реализации совместных научных и образовательных проектов, разработки и реализации уникальных на мировом уровне образовательных программ.
Режим доступа: по договору с организацией-держателем ресурса
Kieli:venäjä
Julkaistu: 2016
Aiheet:
Linkit:http://elibrary.ru/item.asp?id=26579854
Aineistotyyppi: Elektroninen Kirjan osa
KOHA link:https://koha.lib.tpu.ru/cgi-bin/koha/opac-detail.pl?biblionumber=652257

MARC

LEADER 00000naa0a2200000 4500
001 652257
005 20250902092601.0
035 |a (RuTPU)RU\TPU\network\17520 
035 |a RU\TPU\network\13588 
090 |a 652257 
100 |a 20161209d2016 k||y0rusy50 ca 
101 0 |a rus 
102 |a RU 
135 |a drcn ---uucaa 
181 0 |a i  
182 0 |a b 
200 1 |a Развитие базовых компетенций научно-педагогических кадров в контексте интернационализации высшего образования  |f Г. Ф. Бенсон, П. С. Шамрицкая 
203 |a Текст  |c электронный 
300 |a Заглавие с экрана 
320 |a [Библиогр.: 5 назв.] 
330 |a В статье рассматриваются ключевые аспекты формирования компетенций научно-педагогических работников высшей школы, направленные на развитие готовности преподавателей к решению задач в области международного стратегического партнерства между университетами, реализации совместных научных и образовательных проектов, разработки и реализации уникальных на мировом уровне образовательных программ. 
333 |a Режим доступа: по договору с организацией-держателем ресурса 
461 1 |t Образование через всю жизнь. Непрерывное образование в интересах устойчивого развития  |o материалы 14-й международной конференции, Санкт-Петербург, 03-05 июня 2016 г.  |f Ленинградский государственный университет им. А. С. Пушкина  |d 2016 
463 1 |t Ч. 1  |v [С. 192-195]  |d 2016 
610 1 |a электронный ресурс 
610 1 |a труды учёных ТПУ 
610 1 |a интернационализация 
610 1 |a высшее образование 
610 1 |a компетенции 
610 1 |a научно-педагогические работники 
610 1 |a международная конкурентоспособность 
610 1 |a higher education 
700 1 |a Бенсон  |b Г. Ф.  |c специалист в области организации высшего профессионального образования  |c ассистент кафедры Томского политехнического университета, заместитель директора по по развитию компетенций  |f 1977-  |g Глеб Феликсович  |3 (RuTPU)RU\TPU\pers\33289 
701 1 |a Шамрицкая  |b П. С.  |c специалист в области организации высшего профессионального образования  |c эксперт Томского политехнического университета  |f 1987-  |g Полина Сергеевна  |3 (RuTPU)RU\TPU\pers\31520 
712 0 2 |a Национальный исследовательский Томский политехнический университет (ТПУ)  |b Институт развития стратегического партнерства и компетенций (ИСПК)  |b Кафедра инженерной педагогики (ИПед)  |3 (RuTPU)RU\TPU\col\18906 
712 0 2 |a Национальный исследовательский Томский политехнический университет (ТПУ)  |b Институт развития стратегического партнерства и компетенций (ИСПК)  |b Кафедра методики преподавания иностранных языков (МПИЯ)  |3 (RuTPU)RU\TPU\col\18976 
801 2 |a RU  |b 63413507  |c 20170207  |g RCR 
856 4 |u http://elibrary.ru/item.asp?id=26579854 
942 |c CF